Library Banner

Dhunak par qadam = دھنک پر قدم / (Record no. 121638)

MARC details
000 -LEADER
fixed length control field 00466nam a22001457a 4500
005 - DATE AND TIME OF LATEST TRANSACTION
control field 20210315103103.0
008 - FIXED-LENGTH DATA ELEMENTS--GENERAL INFORMATION
fixed length control field 210315b ||||| |||| 00| 0 eng d
040 ## - CATALOGING SOURCE
Transcribing agency PK-LaUMT
082 ## - DEWEY DECIMAL CLASSIFICATION NUMBER
Classification number RHC 914
Item number AKH-D
100 ## - MAIN ENTRY--PERSONAL NAME
Personal name Akhtar Riaz ud Din = اختر ریاض الدین
245 ## - TITLE STATEMENT
Title Dhunak par qadam = دھنک پر قدم /
Statement of responsibility, etc by Akhtar Riaz ud Din = اختر ریاض الدین
260 ## - PUBLICATION, DISTRIBUTION, ETC. (IMPRINT)
Place of publication, distribution, etc Lahore :
Name of publisher, distributor, etc Nasim Book Depot,
Date of publication, distribution, etc 1976
300 ## - PHYSICAL DESCRIPTION
Extent 168 p.
942 ## - ADDED ENTRY ELEMENTS (KOHA)
Koha item type Books
Holdings
Withdrawn status Lost status Damaged status Home library Current library Date acquired Full call number Barcode Date last seen Price effective from Koha item type
      UMT Main Campus UMT Main Campus 2021-03-15 RHC 914 AKH-D 136753 2021-03-15 2021-03-15 Books